| 000 | 01682cam a22004337a 4500 | ||
|---|---|---|---|
| 001 | 000092874 | ||
| 003 | CHAP | ||
| 005 | 20220329142908.0 | ||
| 008 | 040119d2004 mx a r 00110 spa d | ||
| 010 | _a89340 | ||
| 011 | _a90312 | ||
| 035 | _a100868 | ||
| 040 | _cCHAP | ||
| 090 | _aTesis | ||
| 100 | 0 | 0 |
_aFlores Jaramillo, Humberto _941596 |
| 245 | 1 | 0 |
_aDiseño de una mezcladora de alimentos balanceados para pequeños productores en el municipio de Rosamorada, Nayarit / _c/por Humberto Flores Jaramillo y Alexander Manuels Jiménez. |
| 260 |
_aChapingo, Méx. : _bEl autor, _c2004. |
||
| 300 |
_a125 p. : _bilus. ; anexos. |
||
| 502 | _aTesis(Ing. Mecánico Agrícola) -- UACH. Departamento de Ingeniería Mecánica Agrícola | ||
| 590 |
_aALEPH _b10 _c20130110 _lUCH01 _h1503 |
||
| 590 |
_aBATCH-UPD _b10 _c20130110 _lUCH01 _h0527 |
||
| 590 |
_aBATCH-UPD _b10 _c20130410 _lUCH01 _h0207 |
||
| 590 |
_aBATCH-UPD _b10 _c20130914 _lUCH01 _h0231 |
||
| 590 |
_aBATCH-UPD _b10 _c20140324 _lUCH01 _h1448 |
||
| 590 |
_aBATCH-UPD _b10 _c20141002 _lUCH01 _h0824 |
||
| 590 |
_aCONVERSION _b10 _c20130109 _lUCH01 _h1349 |
||
| 590 |
_aE792CSJ _b10 _c20130626 _lUCH01 _h1004 |
||
| 650 | 1 | 4 |
_aAlimentos balanceados. _94301 |
| 650 | 1 | 4 |
_aAlimentos y alimentacion del ganado _xMaquinaria. _94341 |
| 650 | 1 | 4 |
_aMaquinaria agrícola _xNayarit. _971190 |
| 700 | 0 | 0 |
_aManuels Jiménez, Alexander. _970723 |
| 856 |
_3Finding aid _uhttp://10.13.5.2/tesis/100868.pdf _zTeclea aquí |
||
| 901 | _aBK | ||
| 905 | _aAlejandra Carrasco M. | ||
| 942 | _cCD | ||
| 942 | _n0 | ||
| 949 |
_aTesis _bBC _cTES _d1008681 _eTS1 _h42768 _i100868 _sb |
||
| 949 |
_aTesis _bBC _cTES _d33724000944518 _eTS2 _fc.2 _h42769 _i100868 _si |
||
| 999 |
_c89340 _d89340 |
||